00706nam a2200205 i 4500003000900000005001700009007000300026008004100029040003000070041000800100082001700108245015000125250002200275264005300297300002400350336002700374337003300401338002800434500003800462DO-SdBNP20250612101958.0ta250612b1955 dr ||||| |||| 00| 0 spa d aDO-SdBNPbspacBNPHUerda aspa 4222axxxbxxx00aColección de leyes, resoluciones, decretos y reglamentos de los poderes legislativo y ejecutivo de la República de enero a diciembre de 1952 aEdición oficial 1aCiudad Trujillo :bImpresora Arte y Cine,c1955. avolumenes ;c20 cm. 2rdacontentatextobtxt 2rdamediaasin mediaciónbn 2rdacarrieravolumenbnc aAño del benefactor de la patria